[Event "URS-FL"]
[Site "Irkutsk"]
[Date "1986.??.??"]
[Round "?"]
[White "Ivanchuk, Vassily"]
[Black "Goldin, Alexander"]
[Result "1/2-1/2"]
[WhiteElo "2475"]
[BlackElo "2390"]

1.e4 e5 2.Nf3 Nc6 3.Bb5 a6 4.Ba4 Nf6 5.O-O Be7 6.Re1 b5 7.Bb3 d6 8.c3 O-O
9.h3 Bb7 10.d4 Re8 11.Nbd2 Bf8 12.a4 Qd7 13.axb5 axb5 14.Rxa8 Bxa8 15.d5 Ne7
16.Nf1 h6 17.Ng3 c6 18.dxc6 Bxc6 19.Nh4 d5 20.Nf3 Ng6 21.exd5 Bxd5 22.Nh5 Rd8
23.Nxf6+ gxf6 24.Bc2 Bb7 25.Qxd7 Rxd7 26.Nh2 h5 27.Rd1 Bc6 28.Rxd7 Bxd7 29.Bd1 h4
30.Ng4 Bg7 31.Nh6+ Bxh6 32.Bxh6 f5 33.Bd2 f4 34.Be2 e4 35.b4 Kf8 36.c4 f3
37.gxf3 exf3 38.Bf1 bxc4 39.Bxc4 Ne5 40.Bf1 f6 41.b5 Bc8 42.Ba5 Ke7 43.Bc7 Bb7
44.b6 Nf7 45.Bd3 Ke6 46.Bc4+ Ke7 47.Bf4 Ng5 48.Kh2 Kd7 49.Be3 Kd6 50.Bd4 Ke7
51.Bc5+ Kd7 52.Bb5+ Kd8 53.Be3 Ke7 54.Bd3 Ne4 55.Bc4 Ng5 56.Bd4 Ne6 57.Bb2 Ng5
58.Bd3 Ne4 59.Kg1 Ke6 60.Bc4+ Kd6 61.Bd4 Ke7 62.Bd3 Ke6 63.Be3 Ng5 64.Kh2 Ne4
65.Bc4+ Ke7 66.Bg8 Ng5 67.Bd4 Ne6 68.Be3 Ng5 69.Ba2 Ne4 70.Bd4 Ng5 71.Bb3 Ne4
72.Bc2 Ke6 73.Bd3 Ke7 74.Bc2 Ke6 75.Bb3+ Ke7 76.Bd1 Ng5 77.Bc2 Ne4 78.Ba4 Ng5
79.Bc5+ Kd8 80.Bc2 Ne4 81.Be3 Ke7 82.Bb1 Ke6 83.Bd3 Ke7 84.Bf1 Ke6 85.Kg1 Ng5
86.Bd4 Ke7 87.Bc5+ Ke6 88.Kh2 Ne4 89.Bc4+ Kd7 90.Bd4 Ke7 91.Bb3 Ng5 92.Bc2 Ne4
93.Bd3 Ke6 94.Bb5 Ke7  1/2-1/2

[Event "URS-FL"]
[Site "Irkutsk"]
[Date "1986.??.??"]
[Round "?"]
[White "Goldin, Alexander"]
[Black "Vyzmanavin, Alexey"]
[Result "0-1"]
[WhiteElo "2390"]
[BlackElo "2480"]

1.d4 Nf6 2.c4 e6 3.g3 Bb4+ 4.Bd2 Be7 5.Bg2 d5 6.Nf3 O-O 7.O-O c6 8.Qb3 b6
9.Bf4 Ba6 10.Nbd2 Nbd7 11.Rfd1 Nh5 12.Be3 f5 13.Qa4 Bb7 14.cxd5 exd5 15.Ne5 Nxe5
16.dxe5 g6 17.f4 Ng7 18.Rac1 Qd7 19.Bf2 Rfd8 20.e4 c5 21.Qb3 Qe6 22.exf5 gxf5
23.Qd3 a5 24.Nb1 Rd7 25.Nc3 d4 26.b3 Bxg2 27.Kxg2 Qc6+ 28.Qf3 Qxf3+ 29.Kxf3 Kf7
30.a4 Ne6 31.Nb5 Rg8 32.Rd3 h5 33.h3 Rg6 34.Rg1 Rd8 35.Rdd1 Rdg8 36.Rg2 Ke8
37.Rdg1 Kd7 38.Na3 Kc6 39.Nc4 Rh6 40.Rd1 Nc7 41.Be1 Ne6 42.Bd2 Rf8 43.Rdg1 Rh7
44.Bc1 Bd8 45.Bd2 Kd5 46.Bc1 Bc7 47.Rd1 Rfh8 48.Ne3+ Kc6 49.Nc4 Rf7 50.Rd3 Rb8
51.Na3 Kd5 52.Rd1 h4 53.g4 fxg4+ 54.Rxg4 Bxe5 55.Re1 Bc7 56.Rxh4 Rg8 57.Rh5+ Rg5
58.Rxg5+ Nxg5+ 59.Kg4 Ne4 60.Nc4 Rg7+ 61.Kf5 Rg8 62.Rd1 Ng3+ 63.Kf6 Nh5+
64.Ke7 Rg7+ 65.Ke8 Nf6+ 66.Kf8 Rg3 67.Ke7 Ne4 68.Ne3+ Kc6 69.Nf5 Rxh3 70.Ke6 Bd6
71.Re1 Ng3 72.Nxd6 Rh6+ 73.Ke7 Rxd6 74.Re5 d3 75.f5 d2 76.Bxd2 Rxd2 77.f6 Rf2
78.Ke6 Ne2  0-1

[Event "URS-FL"]
[Site "Irkutsk"]
[Date "1986.??.??"]
[Round "?"]
[White "Goldin, Alexander"]
[Black "Romanishin, Oleg M"]
[Result "0-1"]
[WhiteElo "2390"]
[BlackElo "2560"]

1.d4 Nf6 2.c4 e6 3.Nf3 c5 4.d5 exd5 5.cxd5 d6 6.Nc3 g6 7.g3 Bg7 8.Bg2 O-O
9.O-O Re8 10.Nd2 Nbd7 11.Nc4 Nb6 12.Nxb6 Qxb6 13.Qc2 Bd7 14.Rb1 Qc7 15.a4 a6
16.Bd2 Rac8 17.e4 b5 18.b3 c4 19.axb5 axb5 20.b4 Ng4 21.Ra1 Ra8 22.Bf3 Ne5
23.Be2 f5 24.Rxa8 Rxa8 25.f4 Nf7 26.Bf3 Ra3 27.Kh1 Qb6 28.Qc1 Qa6 29.Re1 fxe4
30.Bxe4 Nh6 31.Bg2 Ng4 32.Ne4 Ra1 33.Qc2 Bf5 34.h3 Ne3 35.Rxa1 Qxa1+ 36.Qc1 Qxc1+
37.Bxc1 Nxg2 38.Nxd6 Ne1  0-1

[Event "URS-FL"]
[Site "Irkutsk"]
[Date "1986.??.??"]
[Round "?"]
[White "Goldin, Alexander"]
[Black "Kruppa, Yuri"]
[Result "1-0"]
[WhiteElo "2390"]
[BlackElo "2445"]

1.d4 d5 2.c4 e6 3.Nc3 Be7 4.cxd5 exd5 5.Bf4 Nf6 6.e3 O-O 7.Nf3 Bf5 8.Qb3 Nc6
9.a3 Rb8 10.Be2 h6 11.Rc1 a6 12.O-O Re8 13.Bg3 Be6 14.Qc2 Nh5 15.Na4 Nxg3
16.hxg3 Bd7 17.Nc5 Bc8 18.b4 Na7 19.Bd3 Bd6 20.Rfe1 b6 21.Na4 Be6 22.Rb1 Nb5
23.Rb3 Bg4 24.Rc1 Qf6 25.Nh2 Bd7 26.Nc3 Nxc3 27.Rxc3 Ra8 28.Nf3 h5 29.Ne5 Be6
30.Qe2 Bxe5 31.dxe5 Qxe5 32.f4 Qf6 33.Qxh5 g6 34.Qh4 Qxh4 35.gxh4 Bd7 36.Rxc7 Rxe3
37.Bxg6 Rd8 38.Bh5 Rxa3 39.Rb7 d4 40.Rcc7 Be6 41.Bxf7+ Bxf7 42.Rxf7 d3 43.Kh2 d2
44.Rg7+ Kf8 45.Rh7 Kg8 46.Rbg7+ Kf8 47.Rd7 Rxd7 48.Rxd7 Rb3 49.Rxd2 Rxb4
50.Kg3 a5 51.Kg4 a4 52.Rd8+ Kf7 53.Ra8 Rb2 54.g3 b5 55.h5 Rb3 56.Ra7+ Kg8
57.f5 a3 58.f6 Rb4+ 59.Kg5 Ra4 60.Rg7+ Kh8 61.Kg6 Rg4+ 62.Kh6  1-0

[Event "URS-FL"]
[Site "Irkutsk"]
[Date "1986.??.??"]
[Round "?"]
[White "Goldin, Alexander"]
[Black "Gavrikov, Viktor"]
[Result "1/2-1/2"]
[WhiteElo "2390"]
[BlackElo "2550"]

1.d4 d6 2.Nf3 g6 3.e4 Bg7 4.c3 Nf6 5.Bd3 O-O 6.O-O Nc6 7.h3 e5 8.Re1 Re8
9.dxe5 Nxe5 10.Nxe5 dxe5 11.Be3 Be6 12.Qc2 Nh5 13.Nd2 Nf4 14.Bxf4 exf4 15.Nf3 Qe7
16.e5 Rad8 17.Be4 Bc8 18.Qa4 Qc5 19.Bc2 Bxe5 20.Nxe5 Rxe5 21.Qxf4 Rde8 22.Rxe5 Qxe5
23.Qxe5 Rxe5 24.Kf1 Be6 25.Bd3 Kg7 26.a3 Bd5 27.f3 Re3 28.Be2 Bb3 29.Kf2 Re6
30.Re1 Rd6 31.Ke3 g5 32.Bd3 h6 33.Rh1 c5 34.h4 Rd5 35.Be4 Re5 36.hxg5 hxg5
37.g4 Bd5 38.Rd1 Bc6 39.Rd6 Kf8 40.Rh6 Bxe4 41.fxe4  1/2-1/2

[Event "URS-FL"]
[Site "Irkutsk"]
[Date "1986.??.??"]
[Round "?"]
[White "Dolmatov, Sergey"]
[Black "Goldin, Alexander"]
[Result "1-0"]
[WhiteElo "2510"]
[BlackElo "2390"]

1.e4 e5 2.Nf3 Nc6 3.Bc4 Bc5 4.c3 Nf6 5.d3 d6 6.b4 Bb6 7.a4 a5 8.b5 Ne7 9.O-O Ng6
10.Nbd2 O-O 11.Bb3 c6 12.Ba3 Re8 13.Nc4 Bc7 14.Ne3 d5 15.Qc2 h6 16.Rfe1 Be6
17.Rad1 Qd7 18.Nd2 Bd6 19.Bc1 Bf8 20.exd5 cxd5 21.d4 exd4 22.cxd4 Rac8 23.Qa2 Bb4
24.Ba3 Qd6 25.Bxb4 Qxb4 26.Nc2 Qd6 27.g3 h5 28.Rc1 Rc3 29.Ne3 Rec8 30.Rxc3 Rxc3
31.Nb1 Rc8 32.Rd1 h4 33.Qd2 hxg3 34.hxg3 Ne4 35.Qe1 Ne7 36.Bc2 b6 37.Nd2 Nc3
38.Ra1 Qb4 39.Nf3 Qb2 40.Kg2 Rc7 41.Qh1 Ne4 42.Bxe4 dxe4 43.Ng5 Nd5 44.Qh7+ Kf8
45.Nxe6+ fxe6 46.Nxd5 exd5 47.Qh8+ Kf7 48.Qd8 Qxa1 49.Qxc7+ Kg8 50.Qd8+ Kh7
51.Qxd5 Qe1 52.Qh5+ Kg8 53.d5 Qb4 54.Qe5 Qxa4  1-0

[Event "URS-FL"]
[Site "Irkutsk"]
[Date "1986.??.??"]
[Round "?"]
[White "Timoshchenko, Gennadi A"]
[Black "Goldin, Alexander"]
[Result "0-1"]
[WhiteElo "2475"]
[BlackElo "2390"]

1.d4 Nf6 2.c4 d6 3.Nc3 Nbd7 4.e4 e5 5.Nge2 c6 6.g3 Be7 7.Bg2 O-O 8.O-O Rb8
9.f4 b5 10.c5 dxc5 11.dxe5 Ne8 12.Be3 Qc7 13.b3 a5 14.Qc2 Ba6 15.Nd1 c4 16.bxc4 bxc4
17.Nb2 Bc5 18.Bf2 Bxf2+ 19.Rxf2 f6 20.e6 Nc5 21.Nxc4 Rb4 22.Ne5 fxe5 23.Qxc5 Bxe2
24.Rxe2 Rb5 25.Qe3 exf4 26.gxf4 Rxf4 27.e5 Rf5 28.Rae1 Qe7 29.Bxc6 Rb4 30.Rf2 Rxf2
31.Qxf2 Nc7 32.Rf1 Nxe6 33.Bd5 Rb8 34.Kh1 Rd8 35.Bb3 a4 36.Bxa4 Rf8 37.Qg2 Rxf1+
38.Qxf1 Qb7+ 39.Qg2 Qb1+ 40.Qg1 Qe4+ 41.Qg2 Qxa4 42.Qd5 Qa6 43.Kg2 Kf8 44.Kg3 Ke7
45.h4  0-1

[Event "URS-FL"]
[Site "Irkutsk"]
[Date "1986.??.??"]
[Round "?"]
[White "Salov, Valery"]
[Black "Goldin, Alexander"]
[Result "1/2-1/2"]
[WhiteElo "2550"]
[BlackElo "2390"]

1.d4 d6 2.c4 e5 3.Nc3 exd4 4.Qxd4 Nf6 5.b3 Nc6 6.Qd2 g6 7.Bb2 Bg7 8.g3 O-O
9.Nh3 Re8 10.Nf4 Ne5 11.Bg2 a5 12.Rc1 h5 13.O-O h4 14.c5 hxg3 15.hxg3 dxc5
16.Qxd8 Rxd8 17.Na4 Ned7 18.e4 Re8 19.e5 Nxe5 20.Rxc5 Nc6 21.Bxc6 bxc6 22.Rxc6 Ne4
23.Rxc7 Nd2 24.Rd1 Nf3+ 25.Kg2 Bg4 26.Bxg7 Kxg7 27.Rd6 Ne5 28.Rc1 Rad8 29.Rxd8 Rxd8
30.Rc3 f6 31.Nc5 Rd2 32.a4 Bd1 33.Nh3 Rb2  1/2-1/2

[Event "URS-FL"]
[Site "Irkutsk"]
[Date "1986.??.??"]
[Round "?"]
[White "Psakhis, Lev"]
[Black "Goldin, Alexander"]
[Result "1/2-1/2"]
[WhiteElo "2555"]
[BlackElo "2390"]

1.e4 e5 2.Nf3 Nc6 3.Bc4 Nf6 4.d3 h6 5.c3 d6 6.O-O g6 7.d4 Qe7 8.Nbd2 Bg7
9.Re1 O-O 10.h3 Nh5 11.Nf1 Nf4 12.Ne3 Nb8 13.a4 a5 14.Bf1 Nd7 15.Nc4 Ne6
16.b3 Qf6 17.Ne3 Kh7 18.Rb1 Re8 19.g3 exd4 20.Nd5 Qd8 21.cxd4 c6 22.Ne3 Nf6
23.Nc4  1/2-1/2

[Event "URS-FL"]
[Site "Irkutsk"]
[Date "1986.??.??"]
[Round "?"]
[White "Pigusov, Evgeny"]
[Black "Goldin, Alexander"]
[Result "1-0"]
[WhiteElo "2500"]
[BlackElo "2390"]

1.c4 e6 2.g3 d5 3.Bg2 Nf6 4.Nf3 Be7 5.O-O O-O 6.d4 c6 7.Nc3 b6 8.Ne5 Bb7
9.e4 dxc4 10.Nxc4 Ba6 11.b3 b5 12.Ne3 b4 13.Ne2 Nbd7 14.Re1 Rc8 15.Bb2 Qa5
16.Nf4 g6 17.Nd3 Rfd8 18.Nc4 Qh5 19.Qc2 Qb5 20.a3 Nd5 21.axb4 Nxb4 22.Nxb4 Bxb4
23.Red1 Nb8 24.Ra4 Qb7 25.Rda1 Bf8 26.Qc3 Bg7 27.e5 Bxc4 28.bxc4 Rc7 29.Ba3 Bf8
30.c5 Rcd7 31.Bc1 Be7 32.h4 Rc8 33.Be4 f5 34.exf6 Bxf6 35.Rb1 Qc7 36.Bf4 Qd8
37.Qb3 Rxd4 38.Rxd4  1-0

[Event "URS-FL"]
[Site "Irkutsk"]
[Date "1986.??.??"]
[Round "?"]
[White "Dokhoian, Yury"]
[Black "Goldin, Alexander"]
[Result "1-0"]
[WhiteElo "2450"]
[BlackElo "2390"]

1.d4 d5 2.c4 e6 3.Nc3 Be7 4.Nf3 Nf6 5.Bg5 O-O 6.e3 Nbd7 7.Rc1 dxc4 8.Bxc4 a6
9.a4 c5 10.O-O cxd4 11.exd4 Nb6 12.Bb3 Bd7 13.Ne5 Bc6 14.f4 Nfd5 15.Qd2 h6
16.Bxe7 Nxe7 17.a5 Nbc8 18.d5 Nxd5 19.f5 Nce7 20.fxe6 fxe6 21.Rxf8+ Qxf8
22.Rf1 Qb8 23.Qd4 Qc7 24.Ng4 h5 25.Qe4 Qd6 26.Qe5 Qxe5 27.Nxe5 Be8 28.Ne4 Nc6
29.Nc4 Nd4 30.Ba2 Bc6 31.Ng5 Rf8 32.Re1 Nb4 33.Bb1 Bd5 34.Bh7+ Kh8 35.Ne5 Rf6
36.Ng6+ Rxg6 37.Bxg6 Nbc6 38.Rf1 Nf5 39.Bxf5  1-0

[Event "URS-FL"]
[Site "Irkutsk"]
[Date "1986.??.??"]
[Round "?"]
[White "Goldin, Alexander"]
[Black "Lputian, Smbat G"]
[Result "1/2-1/2"]
[WhiteElo "2390"]
[BlackElo "2520"]

1.d4 d5 2.c4 c6 3.Nc3 Nf6 4.cxd5 cxd5 5.Bf4 Nc6 6.Nf3 e6 7.e3 Bd6 8.Bxd6 Qxd6
9.Bd3 O-O 10.O-O e5 11.dxe5 Nxe5 12.Nxe5 Qxe5 13.Be2 Be6 14.Qd4 Qxd4 15.exd4 Ne4
16.Rfc1 Nxc3 17.Rxc3 Rfc8 18.Rac1 Rxc3 19.Rxc3 Rc8 20.Rxc8+ Bxc8 21.f3  1/2-1/2

[Event "URS-ch sf"]
[Site "Sevastopol"]
[Date "1986.??.??"]
[Round "?"]
[White "Goldin, Alexander"]
[Black "Kuzmin, Alexey"]
[Result "1-0"]
[WhiteElo "2390"]
[BlackElo "2355"]

1.d4 Nf6 2.c4 g6 3.g3 Bg7 4.Bg2 O-O 5.Nc3 d6 6.Nf3 c5 7.d5 Na6 8.O-O Nc7
9.e4 Rb8 10.a4 a6 11.a5 Bg4 12.Qc2 Bxf3 13.Bxf3 Nd7 14.Bg2 e6 15.Bd2 b5 16.axb6 Rxb6
17.b3 Rb8 18.Ra3 Ne5 19.h3 exd5 20.exd5 h6 21.Ne2 Rb7 22.Ba5 Qe7 23.Bxc7 Qxc7
24.Rxa6 Ra7 25.Rxa7 Qxa7 26.Nc3 Re8 27.Kh2 Qe7 28.Rd1 Nd7 29.Nb5 f5 30.Nc7 Rb8
31.Ne6 Nf8 32.Re1 Qb7 33.Re3 Ra8 34.Nxc5 dxc5 35.d6 Qa6 36.Bd5+ Kh8 37.Bxa8 Qxa8
38.Re7 f4 39.d7 fxg3+ 40.fxg3 Qd8 41.Qd2  1-0

[Event "URS-ch sf"]
[Site "Sevastopol"]
[Date "1986.??.??"]
[Round "?"]
[White "Goldin, Alexander"]
[Black "Ubilava, Elizbar"]
[Result "1-0"]
[WhiteElo "2390"]
[BlackElo "2515"]

1.d4 Nf6 2.c4 d6 3.Nf3 Nbd7 4.Nc3 c6 5.g3 e5 6.Bg2 Be7 7.O-O O-O 8.Qc2 Re8
9.Rd1 Qc7 10.Rb1 Bf8 11.b4 exd4 12.Nxd4 Nb6 13.Qb3 Ng4 14.Ne4 Ne5 15.c5 dxc5
16.bxc5 Nbd7 17.Qc2 Ng6 18.h4 Re5 19.Ba3 h6 20.f4 Re8 21.h5 Nxf4 22.gxf4 Qxf4
23.Rb3 Qe5 24.Nd6 Bxd6 25.cxd6 Nf6 26.Qc5 Qf4 27.Rf1 Qh4 28.Nf5 Bxf5 29.Qxf5 Rxe2
30.Bb2 Re6 31.d7 Rd8 32.Rxb7 Qg3 33.Qh3 Qg5 34.Bxf6 gxf6 35.Qf5 Qh4 36.Rc7 Qd4+
37.Qf2 Rxd7 38.Qxd4 Rxd4 39.Rxa7 Re2 40.Rxf6 Rg4 41.Rf2 Re1+ 42.Kh2 Re5 43.Raxf7 Rxh5+
44.Kg1 Rc5 45.Ra7 h5 46.Rd2 Rf4 47.Rd8+ Rf8 48.Rxf8+ Kxf8 49.a4  1-0

[Event "URS-ch sf"]
[Site "Sevastopol"]
[Date "1986.??.??"]
[Round "?"]
[White "Osnos, Viatcheslav"]
[Black "Goldin, Alexander"]
[Result "1/2-1/2"]
[WhiteElo "2435"]
[BlackElo "2390"]

1.d4 Nf6 2.Nf3 d5 3.c4 e6 4.Nc3 Be7 5.Bg5 h6 6.Bxf6 Bxf6 7.e3 O-O 8.Rc1 c6
9.Bd3 Nd7 10.O-O dxc4 11.Bxc4 e5 12.h3 exd4 13.exd4 Nb6 14.Bb3 a5 15.Re1 Bf5
16.Ne5 Bxe5 17.Rxe5 Bh7 18.a3 Qd6 19.Qe2 a4 20.Ba2 Qxd4 21.Rd1 Qf4 22.Re7 Rab8
23.Qd2 Qxd2 24.Rxd2 Bf5 25.Rd4 c5  1/2-1/2

[Event "URS-ch sf"]
[Site "Sevastopol"]
[Date "1986.??.??"]
[Round "?"]
[White "Goldin, Alexander"]
[Black "Pigusov, Evgeny"]
[Result "1/2-1/2"]
[WhiteElo "2390"]
[BlackElo "2495"]

1.d4 Nf6 2.c4 e6 3.Nf3 d5 4.Nc3 Be7 5.Bg5 h6 6.Bh4 O-O 7.e3 b6 8.Rc1 Bb7
9.Bxf6 Bxf6 10.cxd5 exd5 11.Bd3 c5 12.Bb1 Re8 13.O-O Na6 14.Qd2 Qe7 15.dxc5 Nxc5
16.Nd4 Ne4 17.Qd3 g6 18.Rfd1 Rad8 19.a3 Bg5 20.Re1 Bf6 21.Red1 Nc5 22.Qc2 Ne4
23.Qd3 Bg5 24.Re1 Bh4 25.g3 Bf6 26.Kg2 Bg7 27.Ba2 h5 28.Nce2 Nc5 29.Qd2 Ne4  1/2-1/2

[Event "URS-ch sf"]
[Site "Sevastopol"]
[Date "1986.??.??"]
[Round "?"]
[White "Agzamov, Georgy"]
[Black "Goldin, Alexander"]
[Result "1/2-1/2"]
[WhiteElo "2545"]
[BlackElo "2390"]

1.d4 d5 2.c4 e6 3.Nc3 Nf6 4.Nf3 Be7 5.Bg5 h6 6.Bxf6 Bxf6 7.e3 O-O 8.Rc1 c6
9.Bd3 Nd7 10.cxd5 exd5 11.b4 a6 12.a4 Be7 13.Qb3 Bd6 14.O-O Nf6 15.b5 axb5
16.axb5 Ra3 17.Qc2 Bd7 18.bxc6 bxc6 19.Nb1 Ra5 20.Nbd2 c5 21.dxc5 Rxc5 22.Qb1 Rxc1
23.Rxc1 Qe7 24.h3 Rb8 25.Qa2 g6 26.Nd4 Kg7 27.Qa1 Qe8 28.Qa6 Bb4  1/2-1/2

[Event "Smolensk"]
[Site "Smolensk"]
[Date "1986.??.??"]
[Round "?"]
[White "Sherbakov, Vitaly S"]
[Black "Goldin, Alexander"]
[Result "0-1"]
[WhiteElo "2250"]
[BlackElo "2390"]

1.d4 Nf6 2.c4 e6 3.Nc3 d5 4.Bg5 h6 5.Bh4 Be7 6.Nf3 O-O 7.e3 b6 8.Bxf6 Bxf6
9.cxd5 exd5 10.Be2 Bb7 11.O-O Re8 12.Rc1 c6 13.h3 g6 14.Qd2 Bg7 15.Rfd1 Na6
16.Na4 Nc7 17.b3 Qd6 18.Rc2 Ne6 19.Rdc1 Rac8 20.b4 Rc7 21.Qc3 Rec8 22.Qb3 f5
23.a3 Bf6 24.Qd3 Kg7 25.Nc3 Rd8 26.Bf1 Rf7 27.Ne2 Ra8 28.Qd2 a5 29.Nf4 Ng5
30.Nxg5 hxg5 31.Nd3 f4 32.bxa5 Rxa5 33.Qb4 Qc7 34.Rb1 fxe3 35.fxe3 Qg3 36.Qd2 Rxa3
37.Rxb6 Bd8 38.Rb1 Rxd3 39.Bxd3 Bc7 40.Qf2 Qh2+ 41.Kf1  0-1

[Event "Agzamov mem"]
[Site "Tashkent"]
[Date "1986.??.??"]
[Round "4"]
[White "Khasin, Alexander"]
[Black "Goldin, Alexander"]
[Result "1/2-1/2"]
[WhiteElo "2420"]
[BlackElo "2390"]

1.d4 d5 2.c4 c6 3.Nf3 Nf6 4.Nc3 e6 5.Qb3 Nbd7 6.Bf4 Be7 7.e3 O-O 8.Rd1 Nh5
9.Bg3 f5 10.Bd3 Nxg3 11.hxg3 Nf6 12.Rc1 Bd6 13.a3 Qe7 14.Qc2 Bd7 15.cxd5 cxd5
16.O-O a6 17.Na4 Bxa4 18.Qxa4 Rac8 19.Ne5 Bxe5 20.dxe5 Nd7 21.Qd4 Nc5 22.Rc3 Nxd3
23.Qxd3 Rc7 24.Rfc1 Rfc8 25.Qd4 Rxc3 26.Rxc3 Rxc3 27.Qxc3 Qd7 28.Qc5 h6 29.b3 Kf7
30.Kf1 Qe7 31.Qxe7+ Kxe7  1/2-1/2

[Event "Agzamov mem"]
[Site "Tashkent"]
[Date "1986.??.??"]
[Round "5"]
[White "Goldin, Alexander"]
[Black "Epishin, Vladimir"]
[Result "1/2-1/2"]
[WhiteElo "2390"]
[BlackElo "2370"]

1.d4 Nf6 2.c4 g6 3.g3 c6 4.Bg2 d5 5.Nf3 Bg7 6.O-O O-O 7.Qb3 Qb6 8.Nc3 Bf5
9.Ne5 Be6 10.Rd1 dxc4 11.Qa3 Na6 12.Qa4 Rad8 13.Nxc4 Qb4 14.Na5 Bc8 15.Qxb4 Nxb4
16.Rd2 Rfe8 17.a3 Nbd5 18.Nxd5 Nxd5 19.Rd3 Nb6 20.Be3 e5 21.dxe5 Rxd3 22.exd3 Rxe5
23.Nc4 Nxc4 24.dxc4 Re8 25.a4 Bxb2 26.Rb1 Bf6 27.Bxa7 Bf5 28.Rd1 Ra8 29.Be3 Rxa4
30.c5 Bg4 31.Rb1 Bd4 32.h3 Bxe3 33.fxe3 Bc8 34.Bxc6 Rc4 35.Bxb7  1/2-1/2

[Event "Agzamov mem"]
[Site "Tashkent"]
[Date "1986.??.??"]
[Round "6"]
[White "Pigusov, Evgeny"]
[Black "Goldin, Alexander"]
[Result "1/2-1/2"]
[WhiteElo "2495"]
[BlackElo "2390"]

1.Nf3 Nf6 2.c4 c5 3.g3 b6 4.Bg2 Bb7 5.O-O e6 6.Nc3 Be7 7.d4 cxd4 8.Qxd4 d6
9.Rd1 a6 10.b3 Nbd7 11.e4 Qb8 12.Ba3 Nc5 13.e5 dxe5 14.Qxe5 Ncd7 15.Qxb8+ Rxb8
16.Bxe7 Kxe7 17.Rac1 Rhd8 18.Ne1 Bxg2 19.Nxg2 Nc5 20.Ne3 Rxd1+ 21.Rxd1 Rd8
22.Rxd8 Kxd8 23.f3 Kc7 24.Kf2 Kc6 25.Nc2 Ne8 26.Ke3 Nd6 27.Nd4+ Kd7 28.f4 f6
29.g4 g6 30.h3 a5 31.h4  1/2-1/2

[Event "Agzamov mem"]
[Site "Tashkent"]
[Date "1986.??.??"]
[Round "7"]
[White "Goldin, Alexander"]
[Black "Lerner, Konstantin Z"]
[Result "0-1"]
[WhiteElo "2390"]
[BlackElo "2530"]

1.d4 Nf6 2.c4 e6 3.Nf3 b6 4.a3 Ba6 5.Qc2 Bb7 6.Nc3 c5 7.e4 cxd4 8.Nxd4 d6
9.Be2 Be7 10.Be3 Nbd7 11.f4 O-O 12.O-O-O Re8 13.g4 e5 14.Nf5 exf4 15.Bxf4 Bf8
16.Rd4 Nc5 17.Rhd1 Nfxe4 18.Nd5 Bc6 19.b3 Bxd5 20.Rxd5 Qf6 21.R1d4 g6 22.Nh6+ Kh8
23.Be3 Ng3 24.hxg3 Rxe3 25.g5 Qf2 26.Bd3 Nxb3+  0-1

[Event "Agzamov mem"]
[Site "Tashkent"]
[Date "1986.??.??"]
[Round "9"]
[White "Goldin, Alexander"]
[Black "Yermolinsky, Alex"]
[Result "1/2-1/2"]
[WhiteElo "2390"]
[BlackElo "2445"]

1.d4 Nf6 2.c4 g6 3.g3 c5 4.d5 b5 5.Bg2 d6 6.cxb5 Bg7 7.Nc3 a6 8.bxa6 O-O
9.Nh3 Nxa6 10.Nf4 Qb6 11.O-O Ng4 12.h3 Ne5 13.Nd3 Nxd3 14.Qxd3 Nc7 15.Re1 Ba6
16.Qc2 Nb5 17.Nxb5 Qxb5 18.Rb1 Qc4 19.Qxc4 Bxc4 20.b3 Bc3 21.bxc4 Bxe1 22.Bh6 Bc3
23.Bxf8 Kxf8 24.Rb3 Bb4 25.Rb2 Bc3 26.Rc2 Ra3  1/2-1/2

[Event "Agzamov mem"]
[Site "Tashkent"]
[Date "1986.??.??"]
[Round "12"]
[White "Goldin, Alexander"]
[Black "Novikov, Igor A"]
[Result "1/2-1/2"]
[WhiteElo "2390"]
[BlackElo "2490"]

1.d4 Nf6 2.c4 e6 3.Nf3 b6 4.a3 Bb7 5.Nc3 d5 6.cxd5 Nxd5 7.e3 Be7 8.Bb5+ c6
9.Bd3 c5 10.e4 Nxc3 11.bxc3 Nc6 12.O-O cxd4 13.cxd4 O-O 14.Bb2 Rc8 15.Qe2 Bf6
16.Rad1 Na5 17.Rfe1 Re8 18.Bb5 Bc6 19.Ba6 Bb7 20.Bb5 Bc6 21.Ba6 Bb7 22.Bb5  1/2-1/2

[Event "Agzamov mem"]
[Site "Tashkent"]
[Date "1986.??.??"]
[Round "14"]
[White "Goldin, Alexander"]
[Black "Rashkovsky, Nukhim N"]
[Result "1-0"]
[WhiteElo "2390"]
[BlackElo "2420"]

1.d4 Nf6 2.c4 c5 3.d5 b5 4.cxb5 a6 5.bxa6 Bxa6 6.Nc3 d6 7.e4 Bxf1 8.Kxf1 g6
9.g3 Bg7 10.Kg2 O-O 11.Nge2 Na6 12.Rb1 Qd7 13.f3 Rfb8 14.b3 Nb4 15.a3 Na6
16.Qc2 Ne8 17.Nd1 Nec7 18.Ne3 Nb5 19.Nc4 Nd4 20.Qd3 Nc7 21.Nxd4 cxd4 22.Bd2 e6
23.dxe6 Nxe6 24.Bb4 d5 25.exd5 Qxd5 26.Qe4 Qb5 27.Rhe1 Nc7 28.Be7 Qd7 29.Bd6 Rd8
30.Bxc7 Qxc7 31.Qd3 Re8 32.a4 Rxe1 33.Rxe1 Qc5 34.a5 h5 35.Ra1 Qb5 36.Ra2 Ra6
37.Rd2 Re6 38.f4 Re1 39.Qf3 Rb1 40.Na3 Qxb3 41.Nxb1 Qxb1 42.a6 Qa1 43.Qb7  1-0

[Event "Agzamov mem"]
[Site "Tashkent"]
[Date "1986.??.??"]
[Round "16"]
[White "Goldin, Alexander"]
[Black "Yurtaev, Leonid"]
[Result "1/2-1/2"]
[WhiteElo "2390"]
[BlackElo "2455"]

1.d4 Nf6 2.c4 g6 3.g3 Bg7 4.Bg2 O-O 5.Nc3 d6 6.Nf3 Nbd7 7.O-O e5 8.e4 exd4
9.Nxd4 Nc5 10.h3 Re8 11.Re1 h6 12.Rb1 Ne6 13.Nxe6 Bxe6 14.Nd5 Nxd5 15.cxd5 Bd7
16.Qb3 Qc8 17.Kh2 c5 18.dxc6 Bxc6 19.Bf4 Qe6 20.Qxe6 Rxe6 21.Rbd1 g5 22.Bxd6 Bxb2
23.e5 f6 24.Bxc6 bxc6 25.exf6 Rxe1 26.Rxe1 Bxf6 27.Bc5 Kf7  1/2-1/2

[Event "URS Army-ch"]
[Site "Tashkent"]
[Date "1987.??.??"]
[Round "?"]
[White "Pigusov, Evgeny"]
[Black "Goldin, Alexander"]
[Result "1/2-1/2"]
[WhiteElo "2545"]
[BlackElo "2525"]

1.Nf3 d5 2.g3 Nf6 3.Bg2 e6 4.O-O Be7 5.d4 O-O 6.c4 dxc4 7.Qa4 a6 8.Qxc4 b5
9.Qc2 Bb7 10.Bd2 Be4 11.Qc1 Bb7 12.Qc2 Be4 13.Qc1  1/2-1/2

[Event "URS Army-ch"]
[Site "Tashkent"]
[Date "1987.??.??"]
[Round "?"]
[White "Vyzmanavin, Alexey"]
[Black "Goldin, Alexander"]
[Result "1/2-1/2"]
[WhiteElo "2560"]
[BlackElo "2525"]

1.d4 Nf6 2.c4 e6 3.Nf3 Bb4+ 4.Bd2 Qe7 5.g3 Nc6 6.Nc3 d5 7.a3 Bxc3 8.Bxc3 O-O
9.Bg2 Rd8 10.O-O Ne4 11.Qc2 a5 12.b3 Bd7 13.Bb2 Be8 14.Ne1 f5 15.Rd1 Bf7
16.cxd5 exd5 17.Nd3 Na7 18.Rc1 c6 19.a4 Nc8 20.e3 Ncd6 21.Ba3 Qc7 22.Ne5 Be6
23.f3 Ng5 24.Rf2 Ngf7 25.Bb2 Nxe5 26.dxe5 Nf7 27.f4 Rac8 28.Rd2 Rd7 29.Qd1 b6
30.Qe2 Qb7 31.Bf3 g6 32.h3 h5 33.Qg2 Nh6 34.Ba3 c5 35.Bb2 Rdd8 36.Qf2 Qc6  1/2-1/2

[Event "URS Army-ch"]
[Site "Tashkent"]
[Date "1987.??.??"]
[Round "?"]
[White "Goldin, Alexander"]
[Black "Shabalov, Alexander"]
[Result "1-0"]
[WhiteElo "2525"]
[BlackElo "2465"]

1.d4 d5 2.c4 c6 3.Nf3 Nf6 4.Qc2 Ne4 5.Nc3 Na6 6.Nxe4 Nb4 7.Qb1 dxe4 8.Qxe4 g6
9.Qb1 c5 10.Bd2 Bg7 11.Bxb4 cxb4 12.e3 O-O 13.Be2 Bf5 14.Qd1 Qc7 15.Qb3 a5
16.O-O Bg4 17.h3 Bxf3 18.Bxf3 e5 19.Rfd1 exd4 20.exd4 Rfd8 21.Bd5 Rd7 22.a3 Re8
23.axb4 axb4 24.Qxb4 Rde7 25.Bf3 Qf4 26.Qd2 Qh4 27.Ra3 Bh6 28.Qb4 Bf8 29.Qd2 Bh6
30.Qb4 Bf8 31.Qc3 Rd7 32.Ra7 Bg7 33.Bd5 Rb8 34.b3 Qf6 35.Qb4 Qf4 36.g3 Qf5
37.Kg2 Qc2  1-0

[Event "URS Army-ch"]
[Site "Tashkent"]
[Date "1987.??.??"]
[Round "?"]
[White "Goldin, Alexander"]
[Black "Nenashev, Alexander"]
[Result "1/2-1/2"]
[WhiteElo "2440"]
[BlackElo "2420"]

1.d4 Nf6 2.c4 e6 3.Nf3 d5 4.Nc3 Nbd7 5.Bg5 Be7 6.e3 h6 7.Bh4 O-O 8.Qc2 c6
9.Rd1 Re8 10.a3 a6 11.Bg3 b6 12.Be2 Bb7 13.O-O Rc8 14.e4 Nh5 15.cxd5 cxd5
16.exd5 exd5 17.Be5 Nxe5 18.Nxe5 Nf6 19.Bf3 Bd6 20.Rfe1 Ne4 21.Qb3 Nxc3 22.bxc3 b5
23.Re3 Qa5 24.Nxf7 Rxe3 25.Nxd6 Rexc3 26.Bxd5+ Kf8 27.Qb1 Bxd5 28.Qf5+ Kg8
29.Nxc8 Bf7 30.Ne7+ Kf8 31.Ng6+ Kg8 32.Ne5 Qc7 33.h4 Bb3 34.Re1 Rc1 35.Qe4 Qc3
36.Rxc1 Qxc1+ 37.Kh2 Qxa3 38.Qa8+ Kh7 39.Qe4+ Kg8 40.Qa8+ Qf8 41.Qxa6 Qxf2
42.Nf3 Bc4 43.Qc8+ Kh7 44.Qf5+ Kg8  1/2-1/2

[Event "URS Army-ch"]
[Site "Tashkent"]
[Date "1987.??.??"]
[Round "?"]
[White "Goldin, Alexander"]
[Black "Legky, Nikolay A"]
[Result "1/2-1/2"]
[WhiteElo "2440"]
[BlackElo "2350"]

1.d4 d5 2.c4 e6 3.Nc3 Nf6 4.Nf3 c5 5.cxd5 cxd4 6.Qa4+ Bd7 7.Qxd4 exd5 8.Nxd5 Qa5+
9.Nc3 Nc6 10.Qd1 O-O-O 11.Bd2 Bg4 12.e3 Bb4 13.Be2 Bxf3 14.gxf3 Bxc3 15.bxc3 Rd6
16.Qc2 Rhd8 17.Rd1 Ne5 18.O-O Nd3 19.e4 Qh5 20.Be3 Nxe4 21.Rxd3 Rxd3 22.Bxd3 Qg6+
23.Kh1 Rxd3 24.Qa4 Nd6 25.Qxa7 Qf5 26.Qc5+ Qxc5 27.Bxc5 Nf5 28.Bb4 Rxf3 29.Kg1 g5
30.Rd1 Kc7 31.a4 h5 32.Rd5 g4 33.Rc5+ Kd7 34.Rb5 Kc8 35.Re5 Rf4 36.Re8+ Kd7
37.Rb8 Kc6 38.Rc8+ Kd5 39.Rc7 Nh4 40.Rc5+ Ke6 41.Rxh5 Nf3+ 42.Kg2 Ne5 43.h3 Nd3
44.Rb5 Rxf2+ 45.Kg3 gxh3 46.Kxh3 Rf3+ 47.Kg4 Re3 48.Rxb7 f5+ 49.Kg5 Rg3+  1/2-1/2

[Event "URS Army-ch"]
[Site "Tashkent"]
[Date "1987.??.??"]
[Round "?"]
[White "Goldin, Alexander"]
[Black "Ivanchuk, Vassily"]
[Result "0-1"]
[WhiteElo "2440"]
[BlackElo "2475"]

1.c4 c5 2.Nf3 Nf6 3.g3 e6 4.Bg2 d5 5.cxd5 exd5 6.d4 Nc6 7.O-O Be7 8.Nc3 O-O
9.Be3 c4 10.Ne5 Qa5 11.Bg5 Rd8 12.Qd2 Bf5 13.Rad1 h6 14.Bxf6 Bxf6 15.f4 Be7
16.g4 Nxe5 17.dxe5 Bxg4 18.Nxd5 Bc5+ 19.Kh1 Qxd2 20.Rxd2 Be6 21.f5 Bxd5 22.Bxd5 Kf8
23.Rdd1 Rac8 24.e6 b5 25.exf7 Be7 26.e4 Bf6 27.Rf2 b4 28.Rc2 c3 29.bxc3 bxc3
30.Rb1 Rb8 31.Rb3 a5 32.Kg2 Rdc8 33.Be6 a4 34.Rxb8 Rxb8 35.Bd7 Rb4 36.Kf3 Kxf7
37.a3 Rb3 38.Kf4 Rxa3 39.e5 Bg5+ 40.Ke4 Ke7 41.Be6 Bd2 42.Bc4 Ra1 43.Kd3 Rf1
44.Ra2 Rxf5 45.e6 Ra5 46.Ra1 a3 47.Rb1 Bg5 48.Rb7+ Kd8 49.Ba2 Bf6 50.h4 Rc5
51.Kc2 Rf5 52.Kd3 Rf2 53.Rd7+ Ke8  0-1